Ilúzia

Bibliographic Details
Main Author: Osztatná, Valéria, 1981- (Author)
Format: Software eBook
Language:Slovak
PhysicalDescription:1 elektronický optický disk (CD-ROM) fareb. 12 cm
Vydané aj v tlačenej forme
Published: [Nové Zámky] MEA2000 2012
ISBN:9788089515691
Series:Mladá éra autorov nového tisícročia
Subjects:

MARC

LEADER 00000nam a2200000 a 4500
001 vtls010447403
003 SK-MaSNL
005 20260301033250.0
007 co cg muuua
008 240315s2012 xo gs 000 f slo
015 |a SNBS2013 
020 |a 9788089515691  |q (elektronická kniha) 
040 |a SNK  |b slo  |c SNK  |e AACR2 
041 0 |a slo 
044 |a xo  |c SK 
072 7 |a 821.162.4-3  |x Slovenská próza  |2 konspekt 
080 |a 821.162.4-31  |2 2001 
080 |a (0.034.44)  |2 2001 
100 1 |a Osztatná, Valéria,  |d 1981-  |4 aut  |9 133865 
245 1 0 |a Ilúzia  |h elektronický zdroj  |c Valéria Osztatná 
260 |a [Nové Zámky]  |b MEA2000  |c 2012 
300 |a 1 elektronický optický disk (CD-ROM)  |b fareb.  |c 12 cm 
490 1 |a Mladá éra autorov nového tisícročia 
500 |a Názov z titulnej obrazovky 
516 |a Textový dokument (próza), súbory vo formáte html, doc 
530 |a Vydané aj v tlačenej forme 
538 |a Technické požiadavky: internetový prehliadač, textový editor 
655 7 |a slovenské romány  |2 SNKPH  |9 70324 
655 7 |a CD-ROM  |2 SNKPH  |9 70236 
655 7 |a elektronické zdroje  |2 SNKPH  |9 90954 
655 7 |a Slovak fiction  |2 SNKPHeng  |9 277096 
655 7 |a Electronic resources  |2 SNKPHeng  |9 175546 
776 1 |t Ilúzia  |w vtls010471981 
830 0 |a Mladá éra autorov nového tisícročia  |9 326929 
919 |a 978-80-89515-69-1 
958 |a LX 
999 |c 579813  |d 581743 
952 |a SNK  |b SNK  |y PREZ  |7 0  |p 17A1048979  |o snkSCDM 4991  |i snk2012/17475  |8 0  |0 0  |1 0  |4 0  |d 2012-09-11  |l 0  |r 2026-02-23 14:47:01  |w 2026-02-23